Deviant bodies : critical perspectives on difference in science and popular culture
Αποθηκεύτηκε σε:
| Άλλοι συγγραφείς: | , |
|---|---|
| Μορφή: | Βιβλίο |
| Γλώσσα: | English |
| Δημοσίευση: |
Bloomington; Indianapolis :
Indiana University Press,
1995
|
| Σειρά: | Race, gender, and science
|
| Θέματα: | |
| Ετικέτες: |
Προσθήκη ετικέτας
Δεν υπάρχουν, Καταχωρήστε ετικέτα πρώτοι!
|
MARC
| LEADER | 00000nam a2200000 i 4500 | ||
|---|---|---|---|
| 001 | 1/12018 | ||
| 008 | 980224s1995 eng d | ||
| 020 | |a 0-253-20975-7 | ||
| 035 | |1 ΠΑΡ |a 1997 |l 10018472 | ||
| 040 | |a GR-MY-UA |b gre |e aacr | ||
| 041 | 0 | |a eng | |
| 082 | 0 | |a 306.4 | |
| 245 | 1 | 0 | |a Deviant bodies : |b critical perspectives on difference in science and popular culture / |c Edited by Jennifer Terry and Jacqueline Urla |
| 260 | |a Bloomington; Indianapolis : |b Indiana University Press, |c 1995 | ||
| 300 | |a 416 p. |b ill. | ||
| 490 | 1 | |a Race, gender, and science | |
| 504 | |a Includes bibliographical references and index | ||
| 650 | 0 | 0 | |a Human body |x Social aspects. |
| 650 | 0 | 0 | |a Human body |x Public opinion. |
| 650 | 0 | 0 | |a Deviant behavior. |
| 650 | 0 | 0 | |a Social norms. |
| 650 | 0 | 0 | |a Social values. |
| 700 | 1 | |a Terry, Jennifer |d 1958- |4 edt | |
| 700 | 1 | |a Urla, Jacqueline. |4 edt | |
| 830 | 0 | |a Race, gender, and science | |
| 852 | |a INST |b LESVOS |e 19980224 |h 306.4 DEV |p 005100015001 |q 005100015001 |t BK |y 0 | ||
| 909 | |a Λ |b 053925 | ||
| 950 | |a 146-1996-07-16 | ||